000
00314nam a22001217a 4500
003
OSt
005
20260225145610.0
008
260225b |||||||| |||| 00| 0 eng d
040
_c
Catholic University
082
_a
297.27 SUL
245
_a
ULIMWENGU: KILA CHEMBE NI KITABU KAMILI CHA ISHARA ZA ALLAH
942
_2
ddc
_c
BK
999
_c
4178
_d
4178